000 01183nam0a22002891 4500
001 rc\4721056
005 20260407012335.0
021 _aRU
_bРг163-67
035 _a(NLR Aleph) 008441786
090 _a9482968
_c9482968
100 _a20130416d1966 |||y0rusy50 ca
101 1 _aest
_grus
102 _aRU
105 _aa b |||||
200 1 _aКаталог выставки произведений Карла Пярзимяги (1902-1942)
_f[Вступ. статья и сост. Э. Ратник]
210 _aTartu
_cМ-во культуры Эст. ССР и Тартуский гос. худож. музей
_d1966
215 _a60, 35 с.
_cил.
_d18
300 _aТекст на эст. яз., текст вступ. статьи на рус. яз.
300 _aОписано по вып. дан.; тит. л. на эст. яз.
702 1 _aРатник
_bЭ.
_gЭха
_4080
_4220
710 1 0 _aПярзимяга,
_gКарл
_hВыставка произведений
_f1966
_eТарту
_3RU\NLR\AUTH\8810000109
_9497384
801 0 _aRU
_bNLR
_gpsbo
801 1 _aRU
_bELAR
_2rusmarc
852 _aNLR
_bЭ
_jКП/П990
942 _cBOOK
980 _aNB